Bibliographic control of official publications in Malaysia /
Saved in:
| 主要作者: | |
|---|---|
| 格式: | Thesis 圖書 |
| 語言: | English |
| 出版: |
1988
|
| 主題: | |
| 標簽: |
添加標簽
沒有標簽, 成為第一個標記此記錄!
|
| LEADER | 01003cam a2200277 a 4500 | ||
|---|---|---|---|
| 001 | u83743 | ||
| 003 | SIRSI | ||
| 008 | 890727s1988 uk ab v 00 eng | ||
| 015 | |a X890080035 | ||
| 035 | |a AAJ-1119 | ||
| 040 | |a UMM | ||
| 043 | |a a-my--- | ||
| 090 | |a Z3247 |b Chu | ||
| 091 | |a Microfilm 2731 | ||
| 100 | 1 | 0 | |a Chuah, Molly |
| 245 | 1 | 0 | |a Bibliographic control of official publications in Malaysia / |c Molly Chuah |
| 260 | |c 1988 | ||
| 300 | |a iii, 209 leaves : |b ill., map ; |c 30cm | ||
| 502 | |a Dissertation (M.A.) - University of London, 1988 | ||
| 504 | 0 | 0 | |a Bibliography: leaves (204)-209 |
| 650 | 0 | |a Government publications |x Bibliography |x Theory, methods, etc. | |
| 650 | 0 | |a Government publications |z Malaysia |x Bibliography | |
| 948 | |a 17/03/1991 |b 13/04/1999 | ||
| 596 | |a 1 | ||
| 999 | |a Z3247 CHU [F] |w LC |c 1 |i A010595805 |d 12/4/2001 |l STACKS |m P01UTAMA |n 7 |r Y |s Y |t TESIS |u 20/2/1992 | ||
| 999 | |a MICROFILM 2731 |w LC |c 1 |i A516620875 |d 23/8/2016 |f 23/8/2016 |g 1 |l MIKROFILM |m P01UTAMA |r Y |s Y |t MIKROFILEM |u 23/8/2016 | ||
